[Event "Pere Noel"]
[Site "Montreal CAN"]
[Date "1991.12.26"]
[Round "1"]
[White "Moshopoulos, Angelos"]
[Black "Bolduc, Steve"]
[Result "0-1"]
[WhiteElo "1882"]
[BlackElo "2232"]
[PlyCount "62"]
[GameId "2160767912413708"]
[EventDate "1991.12.26"]
[EventType "swiss"]
[EventRounds "5"]
[EventCountry "CAN"]
[SourceTitle "hb 2011"]

1. e4 e6 2. d4 d5 3. exd5 exd5 4. Nf3 Bd6 5. Bd3 Ne7 6. O-O O-O 7. Nc3 c5 8. dxc5 Bxc5 9. Bf4 Nbc6 10. Nb5 a6 11. Nbd4 Nxd4 12. Nxd4 Bxd4 13. Bxh7+ Kxh7 14. Qxd4 Bf5 15. Bd2 Nc6 16. Qf4 Qf6 17. Qg3 Rfe8 18. Rfe1 Rac8 19. c3 Qg6 20. Qh4+ Kg8 21. Be3 Re4 22. Bf4 Ne5 23. Qg3 Qxg3 24. Bxg3 Nd3 25. Rxe4 Bxe4 26. f3 Bf5 27. Rd1 Nxb2 28. Rxd5 Be6 29. Rd2 Na4 30. Be5 Nxc3 31. Rc2 Nxa2 0-1

[Event "Pere Noel"]
[Site "Montreal CAN"]
[Date "1991.12.27"]
[Round "2"]
[White "Bolduc, Steve"]
[Black "Solunac, Sasha"]
[Result "1/2-1/2"]
[WhiteElo "2232"]
[BlackElo "1926"]
[PlyCount "110"]
[GameId "2160767912413710"]
[EventDate "1991.12.26"]
[EventType "swiss"]
[EventRounds "5"]
[EventCountry "CAN"]
[SourceTitle "hb 2011"]

1. d4 Nf6 2. c4 c6 3. Nc3 d5 4. Bg5 dxc4 5. a4 Bf5 6. e3 Nbd7 7. Bxc4 h6 8. Bh4 Qa5 9. Nge2 e6 10. O-O Be7 11. Qe1 Qb4 12. b3 Nb6 13. Na2 Qxe1 14. Rfxe1 Nxc4 15. bxc4 c5 16. Rac1 g5 17. Bg3 Ne4 18. Nac3 cxd4 19. Nxe4 Bxe4 20. exd4 Bc6 21. Nc3 Bb4 22. d5 Bd7 23. Re3 O-O 24. Rb1 Bc5 25. Rxb7 Bxe3 26. fxe3 Bc8 27. Re7 exd5 28. Nxd5 Be6 29. Nc7 Rac8 30. c5 Rfd8 31. Nxe6 fxe6 32. Bd6 Re8 33. Rxa7 Ra8 34. Rd7 Rxa4 35. c6 Raa8 36. c7 e5 37. Kf2 Rac8 38. Kf3 Re6 39. Ke4 Rxd6 40. Rxd6 Rxc7 41. Kxe5 Kg7 42. Rd2 Re7+ 43. Kd4 Rd7+ 44. Kc3 Rc7+ 45. Kd3 Rd7+ 46. Ke2 Ra7 47. Kf3 h5 48. h4 gxh4 49. Kf4 Ra3 50. e4 Rg3 51. Kf5 h3 52. gxh3 Rxh3 53. e5 Re3 54. e6 h4 55. Rd7+ Kf8 1/2-1/2

[Event "Pere Noel"]
[Site "Montreal CAN"]
[Date "1991.12.28"]
[Round "3"]
[White "Bolduc, Steve"]
[Black "Saint-Pierre, Benoit"]
[Result "1/2-1/2"]
[WhiteElo "2232"]
[BlackElo "2148"]
[PlyCount "43"]
[GameId "2160767912413713"]
[EventDate "1991.12.26"]
[EventType "swiss"]
[EventRounds "5"]
[EventCountry "CAN"]
[SourceTitle "EXT 2022"]
[Source "ChessBase"]
[SourceDate "2021.10.06"]
[SourceVersion "1"]
[SourceVersionDate "2021.10.06"]
[SourceQuality "1"]

1. d4 Nf6 2. c4 e6 3. Nc3 Bb4 4. e3 c5 5. Bd3 Nc6 6. Nf3 Bxc3+ 7. bxc3 d6 8. O-O e5 9. Nd2 O-O 10. Bb2 Ne7 11. Qc2 Ng6 12. Rae1 Re8 13. h3 Qe7 14. Bc1 Bd7 15. f4 e4 16. Be2 Nh4 17. Rf2 h5 18. Qd1 Nf5 19. Nf1 h4 20. g4 hxg3 21. Rg2 g6 22. Nxg3 1/2-1/2

[Event "Pere Noel"]
[Site "Montreal CAN"]
[Date "1991.12.29"]
[Round "4"]
[White "Beaudry, Marc-Andre"]
[Black "Bolduc, Steve"]
[Result "1-0"]
[WhiteElo "2081"]
[BlackElo "2232"]
[PlyCount "56"]
[GameId "2160767912413716"]
[EventDate "1991.12.26"]
[EventType "swiss"]
[EventRounds "5"]
[EventCountry "CAN"]
[SourceTitle "hb 2011"]

1. d4 Nf6 2. c4 e6 3. Nf3 b6 4. a3 c5 5. d5 exd5 6. cxd5 d6 7. Nc3 g6 8. g3 Bg7 9. Bg2 O-O 10. h3 Re8 11. O-O a6 12. a4 Qc7 13. Re1 Nbd7 14. e4 Rb8 15. Bf1 Bb7 16. Nd2 Re7 17. Nc4 Rbe8 18. Bg2 Rf8 19. f4 Qb8 20. Be3 Ne8 21. Bf2 Ba8 22. Qb3 Bxc3 23. Qxc3 b5 24. axb5 axb5 25. Na5 b4 26. Qd2 Nc7 27. Nc6 Bxc6 28. dxc6 Nb6 1-0

[Event "Pere Noel"]
[Site "Montreal CAN"]
[Date "1991.12.30"]
[Round "5"]
[White "Bolduc, Steve"]
[Black "Crete, Michel"]
[Result "1/2-1/2"]
[WhiteElo "2232"]
[BlackElo "1837"]
[PlyCount "88"]
[GameId "2160767912413720"]
[EventDate "1991.12.26"]
[EventType "swiss"]
[EventRounds "5"]
[EventCountry "CAN"]
[SourceTitle "hb 2011"]

1. d4 d5 2. c4 e6 3. Nc3 c5 4. Nf3 Nc6 5. Bg5 Be7 6. Bxe7 Ngxe7 7. e3 cxd4 8. Nxd4 O-O 9. Rc1 e5 10. Nb3 Be6 11. cxd5 Nxd5 12. Bc4 Nxc3 13. Rxc3 Qxd1+ 14. Kxd1 Bxc4 15. Rxc4 Rad8+ 16. Ke2 Rd6 17. Rhc1 Rfd8 18. R1c2 Kf8 19. Nc5 Na5 20. Rh4 h6 21. b4 b6 22. Ne4 Rc6 23. Rxc6 Nxc6 24. Nc3 Rd7 25. Rc4 Ne7 26. e4 f6 27. Ke3 Kf7 28. g3 Ke6 29. f4 f5 30. h4 g6 31. a4 exf4+ 32. Kxf4 fxe4 33. g4 Nd5+ 34. Kxe4 Nxc3+ 35. Rxc3 Rd1 36. Rc6+ Rd6 37. Rc7 a6 38. Rh7 Rc6 39. Kd4 b5 40. axb5 axb5 41. Rxh6 Rc4+ 42. Kd3 Rxg4 43. h5 Rxb4 44. Rxg6+ Kf7 1/2-1/2

[Event "Quebec op"]
[Site "Montreal CAN"]
[Date "1987.07.26"]
[Round "1"]
[White "Bolduc, Steve"]
[Black "Millaire, Sylvain"]
[Result "1-0"]
[WhiteElo "2151"]
[BlackElo "1861"]
[PlyCount "44"]
[GameId "2160767912583859"]
[EventDate "1987.07.26"]
[EventType "swiss"]
[EventRounds "8"]
[EventCountry "CAN"]
[SourceTitle "hb 2011"]

1. d4 d5 2. c4 e6 3. Nc3 c5 4. e3 Nf6 5. Nf3 Nc6 6. a3 dxc4 7. Bxc4 cxd4 8. exd4 Be7 9. O-O O-O 10. Be3 Re8 11. Qe2 Nd5 12. Rac1 Bf6 13. Rfd1 Qd6 14. Bg5 Nxc3 15. Rxc3 Nxd4 16. Rxd4 Bxd4 17. Rd3 e5 18. Rxd4 Qc7 19. Bb5 h6 20. Rc4 Qd6 21. Bxe8 hxg5 22. Nxg5 Qg6 1-0

[Event "Quebec op"]
[Site "Montreal CAN"]
[Date "1987.07.27"]
[Round "2"]
[White "Champetier, Serge"]
[Black "Bolduc, Steve"]
[Result "1/2-1/2"]
[WhiteElo "1871"]
[BlackElo "2190"]
[PlyCount "109"]
[GameId "2160767912583866"]
[EventDate "1987.07.26"]
[EventType "swiss"]
[EventRounds "8"]
[EventCountry "CAN"]
[SourceTitle "FQE 02"]

1. e4 d5 2. exd5 Qxd5 3. Nc3 Qa5 4. d4 Nf6 5. Nf3 Bf5 6. Bd2 c6 7. Bc4 e6 8. O-O Nbd7 9. Re1 Qc7 10. Ne2 Bd6 11. Ng3 Bg6 12. Bb3 O-O 13. c4 c5 14. Rc1 a6 15. Bc2 Rac8 16. dxc5 Nxc5 17. Qe2 Rfe8 18. b4 Ncd7 19. c5 Bf4 20. Bxf4 Qxf4 21. Bxg6 hxg6 22. Rc4 Qc7 23. Rec1 Nd5 24. Ne4 Ne5 25. Nd6 Nxc4 26. Nxe8 Rxe8 27. Qxc4 Rd8 28. h3 Qf4 29. a4 e5 30. Qxf4 Nxf4 31. Rc2 f6 32. b5 Kf7 33. c6 bxc6 34. bxc6 Ke7 35. c7 Rc8 36. Rc6 a5 37. Rc5 g5 38. Rxa5 Rxc7 39. Nxe5 fxe5 40. Rxe5+ Kf6 41. Rb5 Rc1+ 42. Kh2 Nd3 43. Rb3 Nc5 44. Rb6+ Ke5 45. Kg3 Nxa4 46. Rg6 Kf5 47. Rxg7 Rc3+ 48. f3 Rc4 49. h4 Rxh4 50. Rf7+ Kg6 51. Rc7 Rb4 52. Rc6+ Kf5 53. Rc8 Nb6 54. Rf8+ Kg6 55. f4 1/2-1/2

[Event "Quebec op"]
[Site "Montreal CAN"]
[Date "1987.07.28"]
[Round "3"]
[White "Bolduc, Steve"]
[Black "Gagnon, Michel"]
[Result "1/2-1/2"]
[WhiteElo "2190"]
[BlackElo "1946"]
[PlyCount "122"]
[GameId "2160767912583883"]
[EventDate "1987.07.26"]
[EventType "swiss"]
[EventRounds "8"]
[EventCountry "CAN"]
[SourceTitle "FQE 02"]

1. d4 Nf6 2. c4 e6 3. Nf3 b6 4. a3 Bb7 5. Nc3 Be7 6. d5 O-O 7. e4 d6 8. b4 e5 9. g3 Ba6 10. Qb3 Re8 11. Bg2 Bf8 12. O-O g6 13. h3 Nbd7 14. Be3 Bg7 15. Rfe1 Bc8 16. Rac1 Rb8 17. Nd2 a6 18. Qd1 Bb7 19. Nb3 Bf8 20. Kh2 h6 21. Qd2 Kh7 22. Rf1 Bc8 23. Qd1 Be7 24. Na4 Rf8 25. c5 bxc5 26. bxc5 dxc5 27. Na5 Bb7 28. Qd2 h5 29. Rc3 Ba8 30. Rfc1 Rb5 31. R3c2 Bd6 32. f3 Qb8 33. Bf1 Rb1 34. Nxc5 Rxc1 35. Qxc1 Nxc5 36. Bxc5 Nd7 37. Bf2 Qd8 38. Bxa6 Qf6 39. Kg2 Rb8 40. Ba7 Rg8 41. Bb5 Nb6 42. Nc4 Nxc4 43. Rxc4 g5 44. Bd7 Bb7 45. a4 Ba6 46. Rc6 Bb7 47. a5 Bxc6 48. Qxc6 g4 49. hxg4 hxg4 50. fxg4 Qg5 51. Qc3 Ra8 52. Be3 Bb4 53. Qd3 Qe7 54. Bf5+ Kg8 55. a6 Bc5 56. Bc1 Qd6 57. Qd2 Qf6 58. Qa5 Qb6 59. Qd2 Qf6 60. Qa5 Qb6 61. Qd2 Be7 1/2-1/2

[Event "Quebec op"]
[Site "Montreal CAN"]
[Date "1987.07.29"]
[Round "4"]
[White "Deslongchamps, Denis"]
[Black "Bolduc, Steve"]
[Result "0-1"]
[WhiteElo "1916"]
[BlackElo "2190"]
[PlyCount "38"]
[GameId "2160767912583897"]
[EventDate "1987.07.26"]
[EventType "swiss"]
[EventRounds "8"]
[EventCountry "CAN"]
[SourceTitle "FQE 02"]

1. e4 c6 2. d4 d5 3. exd5 cxd5 4. Bd3 Nc6 5. c3 g6 6. Bf4 Bg7 7. Nf3 h5 8. O-O Nh6 9. Qc2 Bf5 10. Nbd2 O-O 11. Bxh6 Bxd3 12. Qxd3 Bxh6 13. Rfe1 Rb8 14. Ne5 Nxe5 15. Rxe5 e6 16. Nf3 b5 17. Rxe6 fxe6 18. Qxg6+ Bg7 19. Ng5 Rf6 0-1

[Event "Quebec op"]
[Site "Montreal CAN"]
[Date "1987.07.30"]
[Round "5"]
[White "Bolduc, Steve"]
[Black "Leutschaft, Martin"]
[Result "1-0"]
[WhiteElo "2190"]
[BlackElo "1908"]
[PlyCount "97"]
[GameId "2160767912583924"]
[EventDate "1987.07.26"]
[EventType "swiss"]
[EventRounds "8"]
[EventCountry "CAN"]
[SourceTitle "FQE 02"]

1. d4 Nf6 2. c4 d6 3. Nf3 Nbd7 4. Nc3 e5 5. e4 Be7 6. Be2 O-O 7. O-O c6 8. b4 d5 9. exd5 Bxb4 10. Qb3 Bxc3 11. Qxc3 e4 12. Ne5 cxd5 13. Ba3 Re8 14. Bd6 Re6 15. c5 Nf8 16. f4 Rxd6 17. cxd6 Qxd6 18. Rac1 Bd7 19. Qb2 Qb6 20. Qd2 Ne6 21. Rfd1 a6 22. f5 Nd8 23. g4 Nc6 24. Rb1 Qa7 25. Kg2 Re8 26. g5 e3 27. Qb2 Nxe5 28. gxf6 Nc4 29. Qxb7 Qxb7 30. Rxb7 Bxf5 31. Re7 Be4+ 32. Kg3 Rxe7 33. fxe7 Nd6 34. Kf4 f6 35. Bxa6 Kf7 36. Kxe3 Kxe7 37. Be2 g5 38. Bf3 f5 39. a4 Nc4+ 40. Kf2 Nb2 41. Ra1 Nd3+ 42. Ke2 Nf4+ 43. Ke3 Bxf3 44. Kxf3 Ne6 45. Ke3 f4+ 46. Kd3 h5 47. a5 g4 48. a6 Kf6 49. Rc1 1-0

[Event "Quebec op"]
[Site "Montreal CAN"]
[Date "1987.07.31"]
[Round "6"]
[White "Leveille, Francois"]
[Black "Bolduc, Steve"]
[Result "1/2-1/2"]
[WhiteElo "2300"]
[BlackElo "2190"]
[PlyCount "57"]
[GameId "2160767912583959"]
[EventDate "1987.07.26"]
[EventType "swiss"]
[EventRounds "8"]
[EventCountry "CAN"]
[SourceTitle "FQE 03"]

1. e4 c6 2. d4 d5 3. exd5 cxd5 4. c4 Nf6 5. c5 Bg4 6. f3 Bf5 7. b4 a5 8. b5 e5 9. Nc3 exd4 10. Qxd4 Qe7+ 11. Be3 Nbd7 12. g4 Be6 13. g5 Nh5 14. Na4 f6 15. f4 g6 16. c6 Nb8 17. gxf6 Qb4+ 18. Kf2 bxc6 19. Nf3 Nd7 20. f7+ Bxf7 21. bxc6 Ndf6 22. Bh3 Ne4+ 23. Kg2 Bg7 24. Bd7+ Ke7 25. Qxb4+ axb4 26. Rae1 Rxa4 27. Bc5+ Kd8 28. Bb6+ Ke7 29. Bc5+ 1/2-1/2

[Event "Quebec op"]
[Site "Montreal CAN"]
[Date "1987.08.02"]
[Round "8"]
[White "Bolduc, Steve"]
[Black "Desforges, Jean"]
[Result "1-0"]
[WhiteElo "2190"]
[BlackElo "2004"]
[PlyCount "75"]
[GameId "2160767912583998"]
[EventDate "1987.07.26"]
[EventType "swiss"]
[EventRounds "8"]
[EventCountry "CAN"]
[SourceTitle "FQE 03"]

1. d4 d5 2. c4 e6 3. Nc3 c5 4. e3 Nf6 5. Nf3 Be7 6. a3 b6 7. Qa4+ Qd7 8. Qc2 O-O 9. cxd5 exd5 10. Bb5 Qc7 11. O-O c4 12. Ba4 a6 13. Qb1 b5 14. Bc2 Bb7 15. Ne5 Nc6 16. f4 b4 17. axb4 Nxb4 18. Bd2 Nxc2 19. Qxc2 Bb4 20. Nb5 Qe7 21. Nc7 Bxd2 22. Nxa8 Bxe3+ 23. Kh1 Bxd4 24. Rad1 Ba7 25. Rfe1 Rxa8 26. Ng6 Qc5 27. Ne7+ Kf8 28. b4 Qb6 29. Qf5 Ne4 30. Rxe4 dxe4 31. Qxh7 Kxe7 32. Qxg7 Qg6 33. Qe5+ Kf8 34. f5 Qg4 35. Rd7 e3 36. Qe7+ Kg7 37. Qxf7+ Kh6 38. Qf6+ 1-0

[Event "Quebec-ch"]
[Site "Montreal CAN"]
[Date "1987.05.30"]
[Round "4"]
[White "Bolduc, Steve"]
[Black "Levtchouk, George"]
[Result "1-0"]
[WhiteElo "2151"]
[BlackElo "2318"]
[PlyCount "79"]
[GameId "2160767912649693"]
[EventDate "1987.05.27"]
[EventType "tourn"]
[EventRounds "9"]
[EventCountry "CAN"]

1. d4 g6 2. c4 Bg7 3. g3 d6 4. Bg2 Nf6 5. Nc3 O-O 6. e4 c5 7. dxc5 dxc5 8. Qxd8 Rxd8 9. Be3 Nc6 10. Bxc5 Be6 11. Nd5 Bxd5 12. cxd5 Nd7 13. Ba3 Nd4 14. O-O-O Rac8+ 15. Kb1 Nc5 16. Nf3 Nb5 17. Bxc5 Rxc5 18. Rc1 Rdc8 19. Rxc5 Rxc5 20. Rc1 Rxc1+ 21. Kxc1 Nd4 22. Ne1 Kf8 23. Nd3 Ke8 24. Kd2 Kd7 25. e5 b6 26. Kc3 Nb5+ 27. Kc4 Nc7 28. Bh3+ Ke8 29. f4 f6 30. d6 exd6 31. exd6 Na6 32. Kd5 Nb8 33. Ke6 Nd7 34. b4 a5 35. a3 axb4 36. axb4 Bh8 37. Kd5 Nb8 38. Be6 Bg7 39. Nb2 Na6 40. Nd3 1-0

[Event "Quebec-ch"]
[Site "Montreal CAN"]
[Date "1987.06.02"]
[Round "7"]
[White "Morin, Yves"]
[Black "Bolduc, Steve"]
[Result "0-1"]
[WhiteElo "2168"]
[BlackElo "2151"]
[PlyCount "69"]
[GameId "2160767912649706"]
[EventDate "1987.05.27"]
[EventType "tourn"]
[EventRounds "9"]
[EventCountry "CAN"]

1. e4 c6 2. c4 e5 3. Nf3 d6 4. Nc3 Nf6 5. d4 Nbd7 6. Be2 Be7 7. O-O O-O 8. Qc2 a6 9. Rd1 Qc7 10. b4 b5 11. Rb1 Bb7 12. h3 Rfe8 13. Be3 exd4 14. Nxd4 Bf8 15. Nb3 d5 16. exd5 bxc4 17. Na5 Ne5 18. Nxb7 Qxb7 19. d6 Nd5 20. Bc5 Rad8 21. Ne4 f5 22. Ng5 Bxd6 23. Bxd6 Rxd6 24. Bxc4 h6 25. Nf3 Nxf3+ 26. gxf3 Qf7 27. Bxd5 cxd5 28. Re1 Red8 29. Qd3 d4 30. a4 Rg6+ 31. Kh2 Qc7+ 32. Kh1 Rg5 33. Rbc1 Qf4 34. Rg1 Rh5 35. Kg2 0-1

[Event "Quebec-ch"]
[Site "Montreal CAN"]
[Date "1987.06.05"]
[Round "8"]
[White "Cossette, Daniel"]
[Black "Bolduc, Steve"]
[Result "0-1"]
[WhiteElo "1954"]
[BlackElo "2151"]
[PlyCount "100"]
[GameId "2160767912649708"]
[EventDate "1987.05.27"]
[EventType "tourn"]
[EventRounds "9"]
[EventCountry "CAN"]

1. d4 Nf6 2. c4 e6 3. Nf3 b6 4. Bg5 Bb7 5. e3 d6 6. Nc3 c5 7. Be2 Be7 8. O-O O-O 9. Qd3 Nbd7 10. Rfd1 a6 11. Rd2 Rc8 12. Ne1 Rc7 13. Bf3 Qa8 14. Rad1 cxd4 15. Qxd4 Rfc8 16. Bxf6 Nxf6 17. Qxb6 Bxf3 18. Nxf3 Rxc4 19. Qb3 d5 20. Rd4 Rb8 21. Qc2 Rc7 22. Qe2 Bb4 23. Na4 Qc6 24. b3 Qc2 25. Qxa6 Ne4 26. Rf1 h6 27. Rdd1 Qxa2 28. Nc5 Qc2 29. Nxe4 Qxe4 30. Qd3 f5 31. Qxe4 fxe4 32. Nd4 e5 33. Nf5 Rd8 34. f3 exf3 35. Rxf3 Kh7 36. Ra1 Rdd7 37. Ra4 Bd2 38. Ra2 Bc1 39. Kf2 g6 40. Ng3 e4 41. Rf8 d4 42. Nxe4 dxe3+ 43. Ke1 Re7 44. Ng3 Bd2+ 45. Ke2 Rcd7 46. Raa8 Bc3 47. Nf1 Rd2+ 48. Kf3 Rf2+ 49. Kg4 Rxf8 50. Rxf8 e2 0-1

[Event "Quebec-ch"]
[Site "Montreal CAN"]
[Date "1987.06.06"]
[Round "9"]
[White "Bolduc, Steve"]
[Black "Leveille, Francois"]
[Result "0-1"]
[WhiteElo "2151"]
[BlackElo "2249"]
[PlyCount "50"]
[GameId "2160767912649713"]
[EventDate "1987.05.27"]
[EventType "tourn"]
[EventRounds "9"]
[EventCountry "CAN"]

1. d4 Nf6 2. c4 e6 3. Nf3 d5 4. Bf4 dxc4 5. Qa4+ Nc6 6. Qxc4 Nd5 7. Bd2 Nb6 8. Qd3 Bd6 9. e4 O-O 10. e5 Be7 11. Nc3 f5 12. Qe4 Nxd4 13. Bd3 g6 14. Bh6 Nxf3+ 15. gxf3 Rf7 16. O-O-O Bg5+ 17. Bxg5 Qxg5+ 18. Kb1 Nd5 19. h4 Qh5 20. Qd4 Bd7 21. Rhg1 b6 22. Rg5 Qxf3 23. Be4 c5 24. Bxf3 cxd4 25. Rd3 Re7 0-1

[Event "Quebec-ch"]
[Site "Montreal CAN"]
[Date "1987.06.09"]
[Round "11"]
[White "Spraggett, Grant"]
[Black "Bolduc, Steve"]
[Result "1/2-1/2"]
[WhiteElo "2186"]
[BlackElo "2151"]
[PlyCount "94"]
[GameId "2160767912649722"]
[EventDate "1987.05.27"]
[EventType "tourn"]
[EventRounds "9"]
[EventCountry "CAN"]

1. e4 c6 2. c4 e5 3. d4 d6 4. dxe5 dxe5 5. Qxd8+ Kxd8 6. Nf3 f6 7. Be3 Be6 8. Nc3 Nd7 9. O-O-O Kc7 10. Ne1 g6 11. Nc2 a5 12. Be2 h5 13. h4 Bh6 14. b3 f5 15. exf5 gxf5 16. Bxh6 Rxh6 17. f4 e4 18. Nd4 Re8 19. Rd2 Ndf6 20. Nd1 Bd7 21. Ne3 Ne7 22. Kd1 Ra8 23. Ke1 c5 24. Ndc2 Nc6 25. a3 Ne7 26. Kf2 Rb8 27. b4 b6 28. b5 Rg8 29. Rhd1 Bc8 30. Rg1 Rhh8 31. Rgd1 Rh6 32. Rg1 Rhg6 33. g3 R6g7 34. Rg2 Be6 35. Na1 Rf8 36. Nb3 Re8 37. Na1 Neg8 38. Nac2 Nh6 39. Rd1 Bg8 40. Rgg1 Be6 41. Rd2 Reg8 42. Rdd1 Nf7 43. a4 Nd6 44. Rd2 Rd7 45. Rgd1 Rgd8 46. Ke1 Kc8 47. Na3 Kc7 1/2-1/2

[Event "Quebec-ch qual. 1"]
[Site "Montreal CAN"]
[Date "1987.02.20"]
[Round "1"]
[White "Bolduc, Steve"]
[Black "Goldner, John"]
[Result "1-0"]
[WhiteElo "2100"]
[BlackElo "1640"]
[PlyCount "100"]
[GameId "2160767912650109"]
[EventDate "1987.02.20"]
[EventType "swiss"]
[EventRounds "5"]
[EventCountry "CAN"]
[SourceTitle "hb 2011"]

1. d4 Nf6 2. c4 g6 3. Nc3 d5 4. Nf3 Bg7 5. Qb3 dxc4 6. Qxc4 O-O 7. e4 Nc6 8. Bf4 Nh5 9. Be3 e5 10. d5 Na5 11. Qa4 b6 12. Rc1 Nb7 13. Nb5 Bd7 14. Qa6 Bxb5 15. Qxb7 Bxf1 16. Rxf1 Qd6 17. a3 Nf4 18. Bxf4 exf4 19. Qxc7 Qxc7 20. Rxc7 Bxb2 21. Ke2 Rfc8 22. Rxc8+ Rxc8 23. Rd1 Rc4 24. d6 Kf8 25. d7 Rc2+ 26. Kf1 Bf6 27. d8=Q+ Bxd8 28. Rxd8+ Ke7 29. Rd2 Rc3 30. Ra2 f6 31. Ke2 Ke6 32. Kd2 Rc4 33. Kd3 b5 34. Nd4+ Ke5 35. Nxb5 Rxe4 36. Nxa7 Ra4 37. Nb5 h5 38. Re2+ Kf5 39. Re4 Ra5 40. a4 Ra8 41. f3 g5 42. Kc3 Rc8+ 43. Kb4 Rc1 44. a5 Rb1+ 45. Kc5 Rc1+ 46. Kb6 Rd1 47. a6 g4 48. a7 gxf3 49. gxf3 Rd8 50. Kb7 Kg5 1-0

[Event "Quebec-ch qual. 1"]
[Site "Montreal CAN"]
[Date "1987.02.21"]
[Round "3"]
[White "Bolduc, Steve"]
[Black "Desforges, Jean"]
[Result "1-0"]
[WhiteElo "2100"]
[BlackElo "2093"]
[PlyCount "71"]
[GameId "2160767912650115"]
[EventDate "1987.02.20"]
[EventType "swiss"]
[EventRounds "5"]
[EventCountry "CAN"]
[SourceTitle "hb 2011"]

1. d4 Nf6 2. c4 e6 3. Nf3 Bb4+ 4. Bd2 Qe7 5. g3 b6 6. Bg2 Bb7 7. O-O Bxd2 8. Qxd2 c5 9. Nc3 Ne4 10. Qc2 Nxc3 11. Qxc3 O-O 12. Rfd1 d5 13. Ne5 cxd4 14. Qxd4 f6 15. Ng4 Nc6 16. Qd2 dxc4 17. Qd7 Qxd7 18. Rxd7 Ne5 19. Nxf6+ gxf6 20. Rxb7 Rfd8 21. f4 Ng6 22. Rc1 Rdc8 23. f5 exf5 24. Rxc4 Rxc4 25. Bd5+ Kh8 26. Bxc4 Rc8 27. Bd3 f4 28. Rxa7 fxg3 29. hxg3 Ne5 30. Bxh7 Rd8 31. Kf2 Rd2 32. b3 Nc6 33. Rc7 Nd4 34. Ke3 Rxe2+ 35. Kxd4 Rxa2 36. Bf5 1-0

[Event "Quebec-ch qual. 1"]
[Site "Montreal CAN"]
[Date "1987.02.22"]
[Round "4"]
[White "St Amand, Paul Jr"]
[Black "Bolduc, Steve"]
[Result "0-1"]
[WhiteElo "2032"]
[BlackElo "2100"]
[PlyCount "70"]
[GameId "2160767912650122"]
[EventDate "1987.02.20"]
[EventType "swiss"]
[EventRounds "5"]
[EventCountry "CAN"]
[SourceTitle "hb 2011"]

1. e4 d5 2. exd5 Qxd5 3. Nc3 Qa5 4. d4 Nf6 5. Nf3 Bf5 6. Bd2 c6 7. Bc4 e6 8. O-O Nbd7 9. Re1 Qc7 10. Bg5 Bd6 11. Qe2 O-O 12. Ne5 b5 13. Bb3 a5 14. a3 a4 15. Ba2 b4 16. axb4 Bxb4 17. Bd2 Qd6 18. Qc4 Nxe5 19. dxe5 Qxd2 20. Re2 Qg5 21. Qxb4 Nd5 22. Bxd5 Rfb8 23. Qd4 exd5 24. f4 Qe7 25. Rxa4 Rxa4 26. Qxa4 Qc5+ 27. Kh1 h5 28. Qa1 Bg4 29. Re1 Qf2 30. h3 Rxb2 31. Qxb2 Qxe1+ 32. Kh2 Bf5 33. Qb8+ Kh7 34. Na4 Qf2 35. e6 Be4 0-1

[Event "Quebec-ch qual. 1"]
[Site "Montreal CAN"]
[Date "1987.02.22"]
[Round "5"]
[White "Bolduc, Steve"]
[Black "Guevremont, Grant"]
[Result "1-0"]
[WhiteElo "2100"]
[BlackElo "2016"]
[PlyCount "63"]
[GameId "2160767912650123"]
[EventDate "1987.02.20"]
[EventType "swiss"]
[EventRounds "5"]
[EventCountry "CAN"]
[SourceTitle "hb 2011"]

1. d4 f5 2. g3 Nf6 3. Bg2 e6 4. Nf3 Be7 5. O-O O-O 6. c4 d6 7. Nc3 c6 8. Qc2 Nh5 9. e4 g5 10. h3 f4 11. g4 Ng7 12. b4 Qe8 13. b5 h5 14. e5 d5 15. a4 hxg4 16. hxg4 Kf7 17. Re1 Nd7 18. cxd5 cxd5 19. Nxd5 exd5 20. e6+ Nxe6 21. Qh7+ Ng7 22. Nxg5+ Bxg5 23. Bxd5+ Kf6 24. Rxe8 Rxe8 25. Ba3 Nb6 26. Be4 Rxe4 27. Qxe4 Be6 28. d5 Bxd5 29. Bb2+ Kf7 30. Qe5 Ne6 31. a5 Nc4 32. Qxd5 1-0

[Event "Carnaval"]
[Site "Quebec CAN"]
[Date "1987.02.06"]
[Round "1"]
[White "Plante, Gilles"]
[Black "Bolduc, Steve"]
[Result "0-1"]
[WhiteElo "1582"]
[BlackElo "2175"]
[PlyCount "76"]
[GameId "2160767912650179"]
[EventDate "1987.02.06"]
[EventType "swiss"]
[EventRounds "5"]
[EventCountry "CAN"]
[SourceTitle "hb 2011"]

1. d4 Nf6 2. c4 e6 3. Nf3 b6 4. g3 Ba6 5. Qc2 Bb4+ 6. Bd2 Be7 7. Bg2 Bb7 8. O-O Be4 9. Qa4 O-O 10. Bc3 c5 11. Rd1 Qc7 12. Nbd2 Bc6 13. Qc2 cxd4 14. Bxd4 Qb7 15. Rac1 Na6 16. Ne1 Rac8 17. b3 d6 18. e4 b5 19. Qb1 Ng4 20. cxb5 Bxb5 21. Nef3 e5 22. h3 exd4 23. hxg4 Bf6 24. e5 dxe5 25. Nxe5 Qe7 26. Nec4 g6 27. Qe4 Qd7 28. Qf4 Bg7 29. Ne4 Bxc4 30. Rxc4 Rxc4 31. bxc4 Qe6 32. Qd6 Qxc4 33. Bf1 Qc2 34. Rd2 Qxe4 35. Qxa6 Qe7 36. Qc4 Qd7 37. g5 Rc8 38. Qa6 Rc1 0-1

[Event "Carnaval"]
[Site "Quebec CAN"]
[Date "1987.02.07"]
[Round "3"]
[White "Pouliot, Jean"]
[Black "Bolduc, Steve"]
[Result "0-1"]
[WhiteElo "1854"]
[BlackElo "2175"]
[PlyCount "58"]
[GameId "2160767912650184"]
[EventDate "1987.02.06"]
[EventType "swiss"]
[EventRounds "5"]
[EventCountry "CAN"]
[SourceTitle "hb 2011"]

1. e4 d5 2. exd5 Qxd5 3. Nc3 Qa5 4. d4 Nf6 5. Bd2 c6 6. Be2 Bf5 7. Nf3 e6 8. O-O Qc7 9. Ne5 Bd6 10. f4 h5 11. Rc1 Nbd7 12. Bf3 Qb6 13. Kh1 Qxd4 14. Ne2 Qa4 15. Bc3 Bxe5 16. fxe5 Nd5 17. Bxd5 cxd5 18. b3 Qa6 19. Nd4 Bg6 20. a4 O-O 21. Nb5 Rfc8 22. Bd4 b6 23. Qf3 Nc5 24. Nd6 Rf8 25. Bxc5 bxc5 26. Qc3 Qb6 27. a5 Qb4 28. Qa1 Rab8 29. Rf3 Qd2 0-1

[Event "Carnaval"]
[Site "Quebec CAN"]
[Date "1987.02.08"]
[Round "4"]
[White "Bolduc, Steve"]
[Black "Spraggett, Kevin"]
[Result "0-1"]
[WhiteElo "2175"]
[BlackElo "2584"]
[PlyCount "62"]
[GameId "2160767912650186"]
[EventDate "1987.02.06"]
[EventType "swiss"]
[EventRounds "5"]
[EventCountry "CAN"]

1. d4 f5 2. g3 Nf6 3. Bg2 g6 4. c4 Bg7 5. Nc3 O-O 6. d5 Na6 7. Be3 c5 8. Nf3 d6 9. Qd2 Qb6 10. Rc1 Ne4 11. Nxe4 fxe4 12. Ng5 Qxb2 13. Bxe4 Qxd2+ 14. Bxd2 Nc7 15. f4 Rb8 16. Bc3 b5 17. Ba5 Na6 18. Bd3 Nb4 19. Bxb4 bxc4 20. Rxc4 Rxb4 21. Rxb4 cxb4 22. Bc4 h6 23. Nf3 Bf5 24. Kf2 Rc8 25. Bb3 a5 26. Nd2 Rc3 27. e3 Bd7 28. Nb1 Rc5 29. a4 bxa3 30. Nxa3 Rc3 31. Rb1 a4 0-1

[Event "Carnaval"]
[Site "Quebec CAN"]
[Date "1987.02.08"]
[Round "5"]
[White "Bolduc, Steve"]
[Black "Belanger, Denis"]
[Result "1-0"]
[WhiteElo "2175"]
[BlackElo "1927"]
[PlyCount "37"]
[GameId "2160767912650188"]
[EventDate "1987.02.06"]
[EventType "swiss"]
[EventRounds "5"]
[EventCountry "CAN"]
[SourceTitle "FQE 08"]

1. d4 Nf6 2. c4 e6 3. Nf3 d5 4. Nc3 Nbd7 5. Bg5 c6 6. e3 Qa5 7. Nd2 Bb4 8. Bxf6 Nxf6 9. Qc2 O-O 10. Bd3 Re8 11. f4 g6 12. O-O Kg7 13. Rf3 Bd7 14. e4 Bxc3 15. bxc3 c5 16. Nb3 Qa4 17. Nxc5 Qxc2 18. Bxc2 dxc4 19. e5 1-0